| 000 -LEADER |
| fixed length control field |
00873nam a22002297a 4500 |
| 003 - CONTROL NUMBER IDENTIFIER |
| control field |
OSt |
| 005 - DATE AND TIME OF LATEST TRANSACTION |
| control field |
20241014093936.0 |
| 008 - FIXED-LENGTH DATA ELEMENTS--GENERAL INFORMATION |
| fixed length control field |
241014b ||||| |||| 00| 0 eng d |
| 020 ## - INTERNATIONAL STANDARD BOOK NUMBER |
| International Standard Book Number |
9781444969429 |
| 040 ## - CATALOGING SOURCE |
| Transcribing agency |
KH8 |
| 082 ## - DEWEY DECIMAL CLASSIFICATION NUMBER |
| Classification number |
FIC MED |
| 100 ## - MAIN ENTRY--PERSONAL NAME |
| Personal name |
Meddings, Lize, |
| Relator term |
author. |
| 245 ## - TITLE STATEMENT |
| Title |
The Sad Ghost Club 3 / |
| Statement of responsibility, etc. |
Lize Meddings. |
| 260 ## - PUBLICATION, DISTRIBUTION, ETC. |
| Place of publication, distribution, etc. |
London ; |
| Name of publisher, distributor, etc. |
Hodder Children's Book, |
| Date of publication, distribution, etc. |
2023. |
| 300 ## - PHYSICAL DESCRIPTION |
| Extent |
228 pages : |
| Other physical details |
illustrations ; |
| Dimensions |
24 cm. |
| 440 ## - SERIES STATEMENT/ADDED ENTRY--TITLE |
| Title |
The Sad Ghost |
| 520 ## - SUMMARY, ETC. |
| Summary, etc. |
hen one sad ghost, alone at a crowded party, spies another sad ghost across the room, what happens next changes everything. Because that night, they leave the party and start the The Sad Ghost Club - a secret society for the anxious and alone, a club for people who think they don't belong. |
| 650 ## - SUBJECT ADDED ENTRY--TOPICAL TERM |
| Topical term or geographic name entry element |
Anxiety |
| 650 ## - SUBJECT ADDED ENTRY--TOPICAL TERM |
| Topical term or geographic name entry element |
Ghost comics |
| 650 ## - SUBJECT ADDED ENTRY--TOPICAL TERM |
| Topical term or geographic name entry element |
Loneliness |
| 942 ## - ADDED ENTRY ELEMENTS (KOHA) |
| Source of classification or shelving scheme |
|
| Koha item type |
Graphic Novel |